Ralph Waldo Emerson: a bibliography of twentieth-century criticism

Furkejuvvon:
Bibliográfalaš dieđut
Váldodahkki: Pütz, Manfred
Materiálatiipa: Girji
Giella:Undetermined
Almmustuhtton: Frankfurt, Alemania Verlag Peter Lang 1986
Fáttát:
Fáddágilkorat: Lasit fáddágilkoriid
Eai fáddágilkorat, Lasit vuosttaš fáddágilkora!

MARC

LEADER 00000nam a2200000Ia 4500
008 170316s9999 xx 000 0 und d
040 |a cru BVZT 
090 |a 810 P-28r 
100 |a Pütz, Manfred 
245 |a Ralph Waldo Emerson: a bibliography of twentieth-century criticism 
260 |a Frankfurt, Alemania 
260 |b Verlag Peter Lang 
260 |c 1986 
300 |a 305 páginas 
650 |a LITERATURA ESTADOUNIDENSE 
999 |c 6061  |d 6061 
942 |c 15 D  |h 810 P-28r  |2 z